[Event "World Rapid Team 2023"]
[Site "Dusseldorf GER"]
[Date "2023.08.26"]
[Round "3.9"]
[Board "1"]
[White "Abdusattorov, Nodirbek"]
[Black "Eljanov, Pavel"]
[Result "1/2-1/2"]
[WhiteTitle "GM"]
[BlackTitle "GM"]
[WhiteElo "2725"]
[BlackElo "2695"]
[WhiteTeam "WR Chess"]
[BlackTeam "Ashdod Elit Chess Club"]
[WhiteFideId "14204118"]
[BlackFideId "14102951"]
[EventDate "2023.08.26"]

1. d4 d5 2. Nf3 Nf6 3. Bg5 Ne4 4. Bh4 c5 5. e3 Nc6 6. Nbd2 cxd4 7. exd4 Bf5 8.
Bd3 Nxd2 9. Qxd2 Bxd3 10. Qxd3 Qd7 11. O-O e6 12. c3 Bd6 13. Rae1 h6 14. Bg3 O-O
15. Bxd6 Qxd6 16. Re3 Rab8 17. a4 a6 18. Ra1 Qc7 19. h4 b5 20. b4 Ne7 21. axb5
axb5 22. Ne5 Nf5 23. Rh3 Ne7 24. Re1 Nc6 25. Rg3 Nxe5 26. Rxe5 Qe7 27. Rg4 f6
28. Re1 Qf7 29. Rg3 Rb6 30. Ra1 Rc8 31. Re3 f5 32. Ra5 Qd7 33. Re1 Kh7 34. Rea1
Qc7 35. R1a3 Qf4 36. g3 Qe4 37. Qd2 Rf8 38. Qf4 Qxf4 39. gxf4 Kg6 40. Ra7 Rf7
41. h5+ Kf6 42. Ra8 Rc6 43. Rb8 Rfc7 44. Rxb5 Rxc3 45. Ra6 Rf3 46. Rxd5 Rxf4 47.
Rdd6 Kg5 48. Rxe6 Kxh5 49. Re2 Rxd4 50. Rb2 Rg4+ 51. Kf1 Rc1+ 52. Ke2 Re4+ 53.
Kd3 Rcc4 54. b5 Red4+ 55. Ke2 Re4+ 56. Kd3 Kg4 57. Rg6+ Kf3 58. Rg3+ Kf4 59.
Rxg7 Rb4 60. Rxb4 Rxb4 61. Ke2 Rxb5 62. Kf1 Rb6 63. Kg2 h5 64. Rg3 h4 65. Ra3
Re6 66. Ra4+ Re4 67. Ra3 Rc4 68. Rb3 Kg4 69. Ra3 Kg5 70. Ra8 Rg4+ 71. Kf3 Rf4+ 1/2-1/2

[Event "World Rapid Team 2023"]
[Site "Dusseldorf GER"]
[Date "2023.08.26"]
[Round "3.9"]
[Board "2"]
[White "Volokitin, Andrei"]
[Black "Nepomniachtchi, Ian"]
[Result "0-1"]
[WhiteTitle "GM"]
[BlackTitle "GM"]
[WhiteElo "2661"]
[BlackElo "2779"]
[WhiteTeam "Ashdod Elit Chess Club"]
[BlackTeam "WR Chess"]
[WhiteFideId "14107090"]
[BlackFideId "4168119"]
[EventDate "2023.08.26"]

1. d4 Nf6 2. c4 e6 3. g3 d5 4. Bg2 Bb4+ 5. Nd2 O-O 6. Nf3 b6 7. O-O Nbd7 8. b3
Bb7 9. Bb2 Qe7 10. Ne5 Rfd8 11. a3 Bxd2 12. Qxd2 Nxe5 13. dxe5 Ne4 14. Qe3 Nc5
15. Rac1 a5 16. Bd4 a4 17. Bxc5 bxc5 18. cxd5 Bxd5 19. Bxd5 Rxd5 20. Rfd1 axb3
21. Qxb3 c6 22. a4 h6 23. Qc4 Ra5 24. Ra1 Qa7 25. Rd3 Qb8 26. Qc3 Qb4 27. e4
Rxd3 28. Qxd3 Rxa4 29. Rc1 c4 30. Qd4 c5 31. Qd8+ Kh7 32. Qd7 Qb2 33. Rf1 Ra1
34. Qxf7 Rxf1+ 35. Kxf1 Qb1+ 36. Ke2 Qxe4+ 37. Kd2 Qd3+ 38. Kc1 c3 39. Qf4 Qe2 0-1

[Event "World Rapid Team 2023"]
[Site "Dusseldorf GER"]
[Date "2023.08.26"]
[Round "3.9"]
[Board "5"]
[White "Hou, Yifan"]
[Black "Muzychuk, Mariya"]
[Result "1-0"]
[WhiteTitle "GM"]
[BlackTitle "GM"]
[WhiteElo "2628"]
[BlackElo "2511"]
[WhiteTeam "WR Chess"]
[BlackTeam "Ashdod Elit Chess Club"]
[WhiteFideId "8602980"]
[BlackFideId "14114550"]
[EventDate "2023.08.26"]

1. e4 e5 2. Nf3 Nc6 3. Bc4 Bc5 4. d3 Nf6 5. a4 d6 6. h3 a6 7. c3 O-O 8. O-O Be6
9. Bxe6 fxe6 10. b4 Ba7 11. Be3 Bxe3 12. fxe3 d5 13. Nbd2 dxe4 14. Nxe4 Nxe4 15.
dxe4 Qe8 16. Qe2 Qg6 17. Qc4 Rf6 18. b5 axb5 19. axb5 Rxa1 20. Rxa1 Rxf3 21.
bxc6 bxc6 22. Ra8+ Rf8 23. Qxc6 Rxa8 24. Qxa8+ Kf7 25. Qc6 Kf6 26. Qxc7 Qxe4 27.
Qd8+ Kf7 28. Qd2 Qc4 29. Kf2 h5 30. Qc2 h4 31. e4 g5 32. Ke3 Kg6 33. Qc1 Qa2 34.
Kf3 Qc4 35. Qd2 Qf1+ 36. Kg4 Qf6 37. c4 Kh6 38. c5 Qg6 39. Kf3 Qf7+ 40. Ke2 Qb7
41. Qc2 Qc6 42. Ke3 Kh5 43. Qd1+ Kg6 44. Qd6 Qb5 45. Qxe6+ Kh5 46. Qf7+ Kh6 47.
Qf6+ Kh5 48. Qxe5 Qb3+ 49. Kf2 Qd1 50. Qe8+ Kh6 51. Qe6+ Kh7 52. Qe7+ Kh8 53.
Qxg5 Qc2+ 54. Kf3 Qd3+ 55. Kf4 Qd2+ 56. Kf5 Qd7+ 57. Ke5 Qe8+ 58. Kf4 Qf8+ 59.
Ke3 Qf7 60. Qxh4+ Kg7 61. Qg5+ Kh8 62. Qe5+ Kg8 63. Qd5 1-0

[Event "World Rapid Team 2023"]
[Site "Dusseldorf GER"]
[Date "2023.08.26"]
[Round "3.10"]
[Board "1"]
[White "Dominguez Perez, Leinier"]
[Black "Baklan, Vladimir"]
[Result "1-0"]
[WhiteTitle "GM"]
[BlackTitle "GM"]
[WhiteElo "2739"]
[BlackElo "2550"]
[WhiteTeam "Chess Pensioners"]
[BlackTeam "Ukrainian Amators"]
[WhiteFideId "3503240"]
[BlackFideId "14102196"]
[EventDate "2023.08.26"]

1. e4 c5 2. Nf3 d6 3. d4 cxd4 4. Nxd4 Nf6 5. Nc3 Nc6 6. Bg5 e6 7. Qd2 a6 8.
O-O-O Bd7 9. Kb1 Be7 10. Nxc6 Bxc6 11. f3 b5 12. h4 Qc7 13. Ne2 Bb7 14. Nd4 Rc8
15. g4 O-O 16. Bd3 Rfd8 17. Rhe1 b4 18. h5 Rb8 19. Be3 Bf8 20. Qh2 Nd7 21. g5
Nc5 22. g6 h6 23. Rg1 f6 24. Bc4 Qc8 25. Bxh6 gxh6 26. g7 Bxg7 27. Nf5 Rd7 28.
Rxd6 Rc7 29. Rxe6 Kh8 30. Re8+ 1-0

[Event "World Rapid Team 2023"]
[Site "Dusseldorf GER"]
[Date "2023.08.26"]
[Round "3.10"]
[Board "2"]
[White "Zavgorodniy, Sergiy"]
[Black "Svidler, Peter"]
[Result "0-1"]
[WhiteTitle "IM"]
[BlackTitle "GM"]
[WhiteElo "2416"]
[BlackElo "2688"]
[WhiteTeam "Ukrainian Amators"]
[BlackTeam "Chess Pensioners"]
[WhiteFideId "14110148"]
[BlackFideId "4102142"]
[EventDate "2023.08.26"]

1. e4 c5 2. Nf3 d6 3. c3 Nf6 4. Bc4 e6 5. Qe2 Be7 6. d4 O-O 7. dxc5 d5 8. Bd3
dxe4 9. Bxe4 Nxe4 10. Qxe4 Nd7 11. Be3 Nxc5 12. Bxc5 Bxc5 13. O-O Rb8 14. Nbd2
b6 15. Qe2 Bb7 16. Nb3 Be7 17. Nbd4 Qc8 18. Rfe1 Re8 19. Rad1 a6 20. a3 Bf8 21.
Qc2 h6 22. Ne5 Qc7 23. f4 Rbd8 24. Qf2 Bc5 25. Rd2 Rd5 26. Red1 Red8 27. b4 Bxd4
28. cxd4 f6 29. Rc2 Qd6 30. Nc4 Rxd4 31. Rcd2 Rxd2 32. Rxd2 Qc7 33. Rxd8+ Qxd8
34. h3 b5 35. Na5 Qd1+ 36. Kh2 Bd5 37. f5 e5 38. Qg3 Qc2 39. Qg6 Kf8 0-1

[Event "World Rapid Team 2023"]
[Site "Dusseldorf GER"]
[Date "2023.08.26"]
[Round "3.10"]
[Board "4"]
[White "Grineva, Marianna"]
[Black "Sadvakasov, Darmen"]
[Result "0-1"]
[WhiteTitle "WFM"]
[BlackTitle "GM"]
[WhiteElo "2033"]
[BlackElo "2629"]
[WhiteTeam "Ukrainian Amators"]
[BlackTeam "Chess Pensioners"]
[WhiteFideId "14102013"]
[BlackFideId "13700464"]
[EventDate "2023.08.26"]

1. e4 c5 2. Nf3 d6 3. d4 cxd4 4. Nxd4 Nf6 5. Nc3 a6 6. f3 e5 7. Nb3 Be6 8. Nd5
Bxd5 9. exd5 Nbd7 10. Be3 g6 11. c4 a5 12. Rc1 a4 13. Na1 Bg7 14. Nc2 O-O 15.
Be2 Nh5 16. O-O Nf4 17. g3 Nxe2+ 18. Qxe2 f5 19. Na3 f4 20. Bf2 fxg3 21. hxg3
Nf6 22. Be3 Qd7 23. Kg2 e4 24. Nb5 exf3+ 25. Rxf3 Ng4 26. Bd4 Rxf3 27. Qxf3 Rf8
28. Qe4 Re8 29. Qf3 h5 30. Rc3 Kh7 31. Bxg7 Qxg7 32. Nxd6 Rf8 33. Qe4 Qf6 34.
Rf3 Qxb2+ 35. Kg1 Qh2+ 36. Kf1 Qh1+ 37. Ke2 Qg2+ 38. Kd1 Qxf3+ 39. Qxf3 Rxf3 40.
Nxb7 Rxg3 41. d6 h4 42. Ke2 Ne5 43. c5 h3 0-1

[Event "World Rapid Team 2023"]
[Site "Dusseldorf GER"]
[Date "2023.08.26"]
[Round "3.10"]
[Board "5"]
[White "Houska, Jovanka"]
[Black "Breest, Axel"]
[Result "1-0"]
[WhiteTitle "IM"]
[WhiteElo "2340"]
[BlackElo "1979"]
[WhiteTeam "Chess Pensioners"]
[BlackTeam "Ukrainian Amators"]
[WhiteFideId "405094"]
[BlackFideId "24682349"]
[EventDate "2023.08.26"]

1. d4 Nf6 2. Bg5 Ne4 3. Bf4 d5 4. e3 Bf5 5. c3 e6 6. Qb3 Qc8 7. Nf3 Nd7 8. Nh4
Bg6 9. c4 c6 10. Nc3 Be7 11. Nxg6 hxg6 12. Nxe4 dxe4 13. Be2 g5 14. Bg3 Nb6 15.
O-O-O Kf8 16. Qc2 f5 17. f3 exf3 18. gxf3 Bf6 19. Bd6+ Kf7 20. e4 g6 21. e5 Be7
22. Bxe7 Kxe7 23. Rdg1 Rh5 24. Qd2 f4 25. Bd3 Kf7 26. Rg2 Qh8 27. Rhg1 Qh6 28.
h4 gxh4 29. Bxg6+ Ke7 30. Qb4+ 1-0

[Event "World Rapid Team 2023"]
[Site "Dusseldorf GER"]
[Date "2023.08.26"]
[Round "3.11"]
[Board "1"]
[White "Krastev, Alexander"]
[Black "Rendle, Thomas E"]
[Result "1-0"]
[WhiteTitle "IM"]
[BlackTitle "IM"]
[WhiteElo "2411"]
[BlackElo "2385"]
[WhiteTeam "Schachverein Hemer"]
[BlackTeam "The Sharks"]
[WhiteFideId "12989983"]
[BlackFideId "408760"]
[EventDate "2023.08.26"]

1. e4 e6 2. d4 d5 3. e5 c5 4. c3 Nc6 5. Nf3 Bd7 6. Be2 Nge7 7. O-O Ng6 8. g3
cxd4 9. cxd4 f6 10. exf6 Qxf6 11. Nc3 Bd6 12. Bg5 Qf5 13. Be3 O-O 14. Ne1 Qf6
15. f4 Nge7 16. Nf3 Nf5 17. Bf2 Qh6 18. Qd2 Rac8 19. Rae1 Be8 20. Bd3 Bh5 21.
Be2 Bxf3 22. Bxf3 Ncxd4 23. Bg2 Kh8 24. Kh1 Nc6 25. a3 a6 26. Re2 Qf6 27. Rd1
Bc7 28. Na4 Bd6 29. b4 Ncd4 30. Bxd4 Nxd4 31. Qxd4 Qxd4 32. Rxd4 Rc1+ 33. Bf1
Rxf1+ 34. Kg2 Ra1 35. Rxe6 Rxa3 36. Rxd6 Rxa4 37. R6xd5 h6 38. Rd7 b5 39. Rb7
Ra2+ 40. Kh3 Rb2 41. Rdd7 Rg8 42. f5 Rf2 43. Rf7 h5 44. Ra7 Kh7 45. Rxa6 Rb2 46.
Kh4 Rxh2+ 47. Kg5 Kh8 48. f6 gxf6+ 49. Kh6 Rc8 50. Raa7 Kg8 51. Rg7+ Kf8 52. Rh7 1-0

[Event "World Rapid Team 2023"]
[Site "Dusseldorf GER"]
[Date "2023.08.26"]
[Round "3.11"]
[Board "2"]
[White "Roberson, Peter T"]
[Black "Voicu-Jagodzinsky, Carmen"]
[Result "1/2-1/2"]
[WhiteTitle "IM"]
[BlackTitle "WGM"]
[WhiteElo "2433"]
[BlackElo "2264"]
[WhiteTeam "The Sharks"]
[BlackTeam "Schachverein Hemer"]
[WhiteFideId "412384"]
[BlackFideId "1206729"]
[EventDate "2023.08.26"]

1. e4 c5 2. Be2 Nc6 3. f4 e6 4. Nf3 d5 5. d3 g6 6. O-O Bg7 7. c3 Nge7 8. Qe1 O-O
9. Na3 b6 10. e5 a5 11. d4 Ba6 12. Bxa6 Rxa6 13. Nc2 a4 14. Qe2 Ra8 15. Be3 cxd4
16. cxd4 Na5 17. Na3 Qd7 18. Rac1 Rfb8 19. Bd2 Bh6 20. Rc2 b5 21. Bxa5 Rxa5 22.
Qd2 b4 23. Rfc1 Ra7 24. Nb1 Rab7 25. b3 axb3 26. axb3 Qb5 27. g3 Qb6 28. Qf2 Ra8
29. Kg2 Rba7 30. h4 Ra1 31. h5 Qa6 32. hxg6 hxg6 33. Rh1 Bg7 34. Qd2 Ra2 35.
Rhc1 Rxc2 36. Rxc2 Qa1 37. Qc1 Bh6 38. Nbd2 Nf5 39. Rc8+ Kg7 40. Qxa1 Rxa1 41.
Kf2 Rd1 42. g4 Nxd4 43. g5 Bxg5 44. fxg5 Nxf3 45. Nxf3 Rd3 46. Rc7 Rxb3 47. Nd4
Rb2+ 48. Ke3 Kg8 49. Rb7 Rg2 50. Nf3 Rg4 51. Kd3 Rf4 52. Nd4 Rg4 53. Nf3 Rf4 54.
Nd4 Rg4 55. Nf3 Rf4 56. Nd4 1/2-1/2

[Event "World Rapid Team 2023"]
[Site "Dusseldorf GER"]
[Date "2023.08.26"]
[Round "3.11"]
[Board "3"]
[White "Runte, Moritz"]
[Black "Moreby, James"]
[Result "0-1"]
[BlackTitle "FM"]
[WhiteElo "2185"]
[BlackElo "2279"]
[WhiteTeam "Schachverein Hemer"]
[BlackTeam "The Sharks"]
[WhiteFideId "12991449"]
[BlackFideId "427756"]
[EventDate "2023.08.26"]

1. e4 c5 2. Nf3 d6 3. d4 cxd4 4. Nxd4 Nf6 5. Nc3 a6 6. g3 e5 7. Nde2 Be6 8. Bg2
Be7 9. O-O O-O 10. h3 b5 11. f4 b4 12. Nd5 Bxd5 13. exd5 Nbd7 14. Be3 Rc8 15. a3
a5 16. axb4 axb4 17. Qd2 Qc7 18. Rfc1 Qc4 19. b3 Qb5 20. Ra4 Rb8 21. fxe5 dxe5
22. d6 Bd8 23. c4 bxc3 24. Rxc3 Ba5 25. Rxa5 Qxa5 26. g4 h6 27. Ng3 Nb6 28. Nf5
Nbd5 29. Bxd5 Nxd5 30. Ne7+ Nxe7 31. dxe7 Rfe8 32. Bc5 Rxb3 33. Qd7 Rb1+ 34. Kg2
Qa8+ 35. Kg3 Rb7 36. Qd5 Qb8 37. Bd6 Rd7 38. Rd3 Qb7 39. Qxb7 Rxb7 40. Kf3 f6
41. Ke4 Kf7 42. Kd5 Rd7 43. Kc6 Rexe7 44. Rb3 Rxd6+ 45. Kxd6 e4 46. Re3 g6 47.
h4 f5 48. gxf5 gxf5 49. Kd5 Kf6 50. Rg3 e3 0-1

[Event "World Rapid Team 2023"]
[Site "Dusseldorf GER"]
[Date "2023.08.26"]
[Round "3.11"]
[Board "4"]
[White "Bremner, Adam"]
[Black "Jagodzinsky, Andreas"]
[Result "1-0"]
[WhiteTitle "CM"]
[WhiteElo "2176"]
[BlackElo "2176"]
[WhiteTeam "The Sharks"]
[BlackTeam "Schachverein Hemer"]
[WhiteFideId "2400847"]
[BlackFideId "4636961"]
[EventDate "2023.08.26"]

1. d4 d5 2. c4 c6 3. cxd5 cxd5 4. Bf4 Nc6 5. e3 Nf6 6. Nc3 a6 7. Bd3 Bg4 8. Nge2
e6 9. f3 Bh5 10. Rc1 Bg6 11. O-O Bd6 12. Na4 Bxd3 13. Qxd3 Bxf4 14. Nxf4 O-O 15.
Nc5 Qe7 16. Qb3 e5 17. dxe5 Nxe5 18. Nxd5 Nxd5 19. Qxd5 b6 20. Nd3 Ng6 21. e4
Rad8 22. Qb3 Qg5 23. f4 Qg4 24. Rf3 Nh4 25. Rg3 Qe2 26. Re1 Qd2 27. Qc3 Qxc3 28.
bxc3 Rd6 29. f5 Rc8 30. Nf2 Kf8 31. Rge3 Rdc6 32. g3 1-0

[Event "World Rapid Team 2023"]
[Site "Dusseldorf GER"]
[Date "2023.08.26"]
[Round "3.11"]
[Board "5"]
[White "Besou, Hussain"]
[Black "Ivanov, Elizabeth"]
[Result "1-0"]
[WhiteTitle "FM"]
[WhiteElo "2364"]
[BlackElo "1601"]
[WhiteTeam "Schachverein Hemer"]
[BlackTeam "The Sharks"]
[WhiteFideId "16269950"]
[BlackFideId "427284"]
[EventDate "2023.08.26"]

1. d4 d5 2. c4 c6 3. Nf3 Nf6 4. Nc3 g6 5. e3 Bg7 6. b3 Bg4 7. Be2 O-O 8. O-O
Nbd7 9. Bb2 Rc8 10. Rc1 e6 11. h3 Bxf3 12. Bxf3 Qe7 13. a4 Nb6 14. a5 Nbd7 15.
Ra1 Rfe8 16. Re1 dxc4 17. bxc4 Qb4 18. Qc2 Qe7 19. Qb3 Rb8 20. Ba3 Qd8 21. Bd6
Rc8 22. Qxb7 Bf8 23. Bxf8 Nxf8 24. Qxa7 Re7 25. Qb6 Qe8 26. a6 Rec7 27. Reb1
N8d7 28. Qa5 e5 29. a7 exd4 30. exd4 1-0

[Event "World Rapid Team 2023"]
[Site "Dusseldorf GER"]
[Date "2023.08.26"]
[Round "3.12"]
[Board "1"]
[White "Zuferi, Enis"]
[Black "Dyachuk, Artem"]
[Result "0-1"]
[WhiteTitle "FM"]
[BlackTitle "FM"]
[WhiteElo "2367"]
[BlackElo "2242"]
[WhiteTeam "Heilbronn Hustlers"]
[BlackTeam "Chess Wizzards"]
[WhiteFideId "24692530"]
[BlackFideId "34107924"]
[EventDate "2023.08.26"]

1. d4 Nf6 2. c4 e6 3. Nc3 c5 4. d5 exd5 5. cxd5 d6 6. e4 g6 7. f4 Bg7 8. Bb5+
Nfd7 9. Be2 Qh4+ 10. g3 Qd8 11. Nf3 O-O 12. O-O Re8 13. a4 Na6 14. Nb5 Rxe4 15.
Nxd6 Re7 16. f5 Nf6 17. Nxc8 Rxc8 18. fxg6 hxg6 19. Bg5 Nb4 20. d6 Rd7 21. Bc4
Rxd6 22. Qb3 Qf8 23. Ne5 Rc7 24. Nxg6 Qc8 25. Nh4 Qh3 26. Rf2 Ne4 27. Rxf7 Bd4+
28. Be3 Rxf7 29. Bxf7+ Kh8 30. Bxd4+ Rxd4 31. Qe3 Kg7 32. Rf1 Rd2 33. Nf5+ Kh7
34. Qh6+ Qxh6 35. Nxh6 Kxh6 36. Re1 Ng5 37. Rf1 Nh3+ 38. Kh1 Rxb2 39. Be6 Nf2+
40. Kg1 Nfd3 41. Rf7 Ne5 42. Rf6+ Kg7 43. Rf5 Nbd3 44. h4 c4 45. Bxc4 Nxc4 46.
g4 Ne3 47. Rf3 Rg2+ 0-1

[Event "World Rapid Team 2023"]
[Site "Dusseldorf GER"]
[Date "2023.08.26"]
[Round "3.12"]
[Board "2"]
[White "Nechitaylo, Nikita"]
[Black "Wenninger, Philipp"]
[Result "1-0"]
[WhiteElo "2116"]
[BlackElo "2374"]
[WhiteTeam "Chess Wizzards"]
[BlackTeam "Heilbronn Hustlers"]
[WhiteFideId "34138161"]
[BlackFideId "4648404"]
[EventDate "2023.08.26"]

1. d4 d5 2. c4 c6 3. cxd5 cxd5 4. Bf4 Nc6 5. e3 Nf6 6. Nc3 Bf5 7. Qb3 Na5 8.
Qa4+ Bd7 9. Qc2 e6 10. Nf3 Be7 11. Bd3 Rc8 12. Ne5 b5 13. Nxd7 Qxd7 14. Qe2 Nc4
15. a3 a6 16. O-O O-O 17. Rfc1 Rc6 18. b4 Rfc8 19. Nd1 Bd6 20. Bxd6 Nxd6 21.
Rxc6 Qxc6 22. a4 Nfe4 23. axb5 axb5 24. Bxe4 Nxe4 25. f3 Nc3 26. Qc2 Na4 27.
Qxc6 Rxc6 28. Nb2 g6 29. Nxa4 Ra6 30. Kf2 Kf8 31. Ke2 Ke7 32. Kd3 bxa4 33. Kc3
Rc6+ 34. Kb2 Ra6 35. Ka3 Ra8 36. Rc1 Kd6 37. Rc5 h5 38. h4 Ra7 39. g4 hxg4 40.
fxg4 Ra8 41. b5 Rh8 42. b6 Rb8 43. Rb5 Kc6 44. Kxa4 Kb7 45. Rc5 Rh8 46. Kb5 f5
47. Rc7+ Kb8 48. gxf5 exf5 49. Kc6 Rxh4 50. Rb7+ Ka8 51. Rg7 Rh8 52. Rxg6 Re8
53. Rg7 Kb8 54. Rb7+ Ka8 55. Rd7 Kb8 56. Rxd5 Rc8+ 57. Kb5 Rf8 58. Ka6 Ka8 59.
Re5 Kb8 60. d5 Kc8 61. Ka7 Rf7+ 62. Ka8 f4 63. exf4 Rf8 64. Re7 Kd8 65. Re4 Rf6
66. Ka7 Rf7+ 67. b7 1-0

[Event "World Rapid Team 2023"]
[Site "Dusseldorf GER"]
[Date "2023.08.26"]
[Round "3.12"]
[Board "3"]
[White "Peng, Xiang-Tobias"]
[Black "Korchynskyi, Mykola"]
[Result "0-1"]
[WhiteElo "2119"]
[BlackElo "2016"]
[WhiteTeam "Heilbronn Hustlers"]
[BlackTeam "Chess Wizzards"]
[WhiteFideId "12964328"]
[BlackFideId "34138005"]
[EventDate "2023.08.26"]

1. e4 e6 2. d4 d5 3. Nc3 Bb4 4. exd5 exd5 5. Bd3 Nf6 6. Nf3 O-O 7. O-O Bg4 8.
Bg5 c6 9. h3 Bh5 10. g4 Bg6 11. Ne5 Qd6 12. Ne2 Ba5 13. Bxf6 gxf6 14. Nf3 Bc7
15. Ng3 Nd7 16. Nh4 Qf4 17. Kg2 Rae8 18. Nhf5 Bxf5 19. Bxf5 Nb6 20. Qd3 Nc4 21.
Bxh7+ Kh8 22. b3 Ne3+ 23. Kh2 Qf3 24. Qxe3 Rxe3 25. Bd3 Rfe8 26. Rad1 Bxg3+ 0-1

[Event "World Rapid Team 2023"]
[Site "Dusseldorf GER"]
[Date "2023.08.26"]
[Round "3.12"]
[Board "4"]
[White "Kliashtornyi, Arkadii"]
[Black "Diller, Daniel"]
[Result "0-1"]
[WhiteElo "1975"]
[BlackElo "2120"]
[WhiteTeam "Chess Wizzards"]
[BlackTeam "Heilbronn Hustlers"]
[WhiteFideId "34119698"]
[BlackFideId "12908983"]
[EventDate "2023.08.26"]

1. d4 Nf6 2. g3 d5 3. Nf3 e6 4. Bg2 b5 5. O-O Be7 6. a4 b4 7. c4 bxc3 8. Nxc3
Nbd7 9. Bf4 c6 10. Rc1 Ba6 11. Re1 Rc8 12. Ne5 Nxe5 13. Bxe5 O-O 14. Qb3 Nd7 15.
Bf4 c5 16. dxc5 Nxc5 17. Qd1 Qb6 18. Rc2 Bc4 19. Qd4 Qb3 20. Rd2 Qb7 21. Rc2 Qb3
22. Rd2 Qb4 23. Rc2 Nb3 24. Qd1 Rfd8 25. Be5 Nc5 26. Rd2 Bb3 27. Qb1 Nxa4 28.
Nxa4 Qxa4 29. e4 Bb4 30. Bc3 Bxc3 31. bxc3 Rxc3 32. exd5 exd5 33. Qa1 Qxa1 34.
Rxa1 Rc7 35. Rd4 g6 36. h4 h5 37. Ra5 Kg7 38. Rb5 Bc4 39. Ra5 a6 40. Ra4 Rb8 41.
Bxd5 Rb1+ 42. Kh2 Bb5 43. Rab4 Rxb4 44. Rxb4 Rc2 45. Kg2 Rc5 46. Be4 Rc4 47.
Rxc4 Bxc4 48. Bc6 Bb3 49. Be4 a5 50. Bb1 a4 51. f3 a3 52. g4 a2 53. Bxa2 Bxa2 0-1

[Event "World Rapid Team 2023"]
[Site "Dusseldorf GER"]
[Date "2023.08.26"]
[Round "3.12"]
[Board "5"]
[White "Schaefer, Daniel"]
[Black "Nechitaylo, Lev"]
[Result "1-0"]
[WhiteElo "1884"]
[BlackElo "1462"]
[WhiteTeam "Heilbronn Hustlers"]
[BlackTeam "Chess Wizzards"]
[WhiteFideId "16235088"]
[BlackFideId "34141383"]
[EventDate "2023.08.26"]

1. d4 d5 2. c4 e6 3. Nc3 c5 4. cxd5 exd5 5. Nf3 Nf6 6. Bg5 cxd4 7. Nxd4 Be6 8.
e3 Nbd7 9. Be2 h6 10. Bh4 Be7 11. O-O O-O 12. Rc1 Rc8 13. Bf3 Ne5 14. Bg3 Nxf3+
15. Qxf3 Qd7 16. h3 Bd6 17. Rfd1 Bxg3 18. Qxg3 Qc7 19. Qxc7 Rxc7 20. Ndb5 Rd7
21. Nxa7 Rfd8 22. Nab5 Ne8 23. Rd4 Nc7 24. Nxc7 Rxc7 25. Rcd1 Rcd7 26. f3 f5 27.
Kf2 Kf7 28. h4 h5 29. Kg3 Kf6 30. Kf4 g6 31. Rb4 Rc8 32. Rdd4 Rc6 33. Rb5 Rcd6
34. Kg3 Bf7 35. Rdb4 Ke5 36. Rxb7 Rxb7 37. Rxb7 Be6 38. Nb5 Rc6 39. Nd4 Ra6 40.
Re7 Kf6 41. Rxe6+ Rxe6 42. Nxe6 Kxe6 43. a4 Kd6 44. Kf4 1-0

[Event "World Rapid Team 2023"]
[Site "Dusseldorf GER"]
[Date "2023.08.26"]
[Round "3.12"]
[Board "6"]
[White "Shynkar, Daria"]
[Black "Spiegelberg, Silvia"]
[Result "0-1"]
[WhiteElo "1318"]
[BlackElo "1934"]
[WhiteTeam "Chess Wizzards"]
[BlackTeam "Heilbronn Hustlers"]
[WhiteFideId "34163212"]
[BlackFideId "24654450"]
[EventDate "2023.08.26"]

1. d4 Nf6 2. c4 e5 3. dxe5 Ng4 4. Nf3 Bc5 5. e3 Nc6 6. a3 a5 7. b3 O-O 8. h3
Ngxe5 9. Nxe5 Nxe5 10. Bb2 Re8 11. Be2 Ra6 12. Nc3 Rg6 13. Ne4 Ba7 14. Ng3 d6
15. Bd4 Bxd4 16. Qxd4 Bd7 17. Bh5 Rge6 18. O-O Qg5 19. Kh2 Nc6 20. Qd1 Rh6 21.
Bf3 Qh4 22. Rh1 Ne5 23. Kg1 Nxf3+ 24. Qxf3 Bc6 25. Qg4 Qf6 26. Rb1 Rg6 27. Qd4
Qg5 28. b4 axb4 29. axb4 h5 30. h4 Qg4 31. Qxg4 Rxg4 32. b5 Bd7 33. Nxh5 Rxc4
34. b6 c6 35. Ng3 Ra8 36. h5 Ra6 37. Kh2 Rh4+ 38. Kg1 Rxh1+ 39. Kxh1 Ra5 40. Kg1
Kf8 41. Rd1 Ke7 42. Ne4 d5 43. Ng3 Rb5 44. Re1 Rxb6 45. e4 d4 46. Rd1 c5 47. Rc1
Rc6 48. Rb1 b6 49. Rd1 b5 50. Kf1 Rd6 51. e5 Ra6 52. Ne4 Rc6 53. Rc1 c4 54. Ke1
Bf5 55. Nd6 Ke6 56. Nxb5 Kxe5 57. f4+ Ke4 58. g3 Bg4 59. Kf2 Bxh5 60. Re1+ Kd3
61. Re5 g6 62. Re1 c3 0-1

[Event "World Rapid Team 2023"]
[Site "Dusseldorf GER"]
[Date "2023.08.26"]
[Round "3.13"]
[Board "1"]
[White "Rabiega, Robert"]
[Black "Elier, Ali"]
[Result "1/2-1/2"]
[WhiteTitle "GM"]
[WhiteElo "2468"]
[BlackElo "2187"]
[WhiteTeam "Berlin Chess Federation"]
[BlackTeam "Wensing & Poebel"]
[WhiteFideId "4601475"]
[BlackFideId "16217543"]
[EventDate "2023.08.26"]

1. e4 e5 2. Nf3 Nc6 3. Bc4 Nf6 4. d3 Bc5 5. O-O O-O 6. Nbd2 d6 7. c3 a5 8. h3
Kh8 9. Re1 Nh5 10. Nf1 f5 11. Ng5 Qe8 12. d4 Ba7 13. exf5 Bxf5 14. g4 h6 15.
gxf5 hxg5 16. Qg4 Ne7 17. Bxg5 Nxf5 18. Ne3 Qg6 19. Nxf5 Rxf5 20. Bd3 Rxg5 21.
Bxg6 Rxg4+ 22. hxg4 Nf4 23. Bc2 exd4 24. cxd4 Bxd4 25. Re4 Rf8 26. Rae1 Be5 27.
R1e3 g5 28. b4 axb4 29. Rxb4 b6 30. Ra4 b5 31. Ra7 Bd4 32. Rxc7 Bxe3 33. fxe3
Nd5 34. Rh7+ Kg8 35. Rd7 Nxe3 36. Bb3+ Kh8 37. Rxd6 Rf4 38. Rb6 b4 39. Rb5 Nxg4
40. Rxg5 Nf6 41. Kg2 Ne4 42. Rb5 Nc3 43. Rb7 Rd4 44. Kf2 Re4 45. Kf3 Rh4 46. Rc7
Nxa2 47. Bxa2 b3 48. Bb1 Rh1 49. Bd3 Rh3+ 50. Ke4 Rh4+ 51. Ke3 Rb4 52. Kd2 b2
53. Bb1 Rb6 54. Kc2 Kg8 55. Ba2+ Kf8 56. Rc3 Ke7 57. Bb3 Kd6 58. Kxb2 Rc6 59.
Re3 Kc5 60. Re4 Rh6 61. Rc4+ Kb5 62. Rc8 Rh2+ 63. Ka3 Rh3 64. Kb2 Rh2+ 65. Bc2
Kb4 66. Rg8 Rh4 67. Rg2 Rf4 68. Bd3 Rh4 69. Kc2 Rf4 70. Kd2 Rh4 71. Rg5 Rh2+ 72.
Be2 Kb3 73. Rb5+ Ka4 74. Rb8 Ka5 75. Rb2 Rh3 76. Rb1 Rh2 77. Kd3 Rh4 78. Kc3 Rb4
79. Rg1 Rb7 80. Rg5+ Kb6 81. Bf3 Rf7 82. Bd5 Rf4 83. Bc4 Kc6 84. Rg6+ Kc5 85.
Bd3 Rc4+ 86. Kd2 Rh4 87. Re6 Kd4 88. Rd6+ Kc5 89. Rd8 Rg4 90. Kc3 Rh4 91. Rf8
Rg4 92. Rf5+ Kd6 93. Bc4 Rg3+ 94. Kb4 Rg4 95. Rd5+ Kc6 96. Re5 Rg6 97. Ra5 Rg1
98. Ra6+ Kb7 99. Re6 Kc7 100. Kc5 Kd7 101. Re4 Rc1 102. Re2 Rc3 103. Kd5 Rc1
104. Rf2 Ke7 105. Re2+ Kf6 106. Re3 Rd1+ 107. Bd3 Rd2 108. Rf3+ Ke7 109. Ke5 Rd1
110. Be4 Ra1 111. Rh3 Rf1 112. Ra3 Rd1 113. Ra6 Rd2 114. Rh6 Rf2 115. Rh1 1/2-1/2